<?xml version="1.0" encoding="UTF-8"?>
<record
    xmlns:xsi="http://www.w3.org/2001/XMLSchema-instance"
    xsi:schemaLocation="http://www.loc.gov/MARC21/slim http://www.loc.gov/standards/marcxml/schema/MARC21slim.xsd"
    xmlns="http://www.loc.gov/MARC21/slim">

  <leader>00495nam a22001457a 4500</leader>
  <controlfield tag="008">151027b        xxu||||| |||| 00| 0 eng d</controlfield>
  <datafield tag="020" ind1=" " ind2=" ">
    <subfield code="a">9966460446</subfield>
  </datafield>
  <datafield tag="050" ind1=" " ind2=" ">
    <subfield code="a">AFR PR 9381.9 .O9O95 1975</subfield>
  </datafield>
  <datafield tag="100" ind1=" " ind2=" ">
    <subfield code="a">Owino, Rosemarie.</subfield>
    <subfield code="d">1975.</subfield>
  </datafield>
  <datafield tag="245" ind1=" " ind2=" ">
    <subfield code="a">Sugar Daddy's Lover</subfield>
    <subfield code="c">Rosemarie, Owino.</subfield>
  </datafield>
  <datafield tag="260" ind1=" " ind2=" ">
    <subfield code="a">Nairobi,</subfield>
    <subfield code="b">Stima Printers &amp; Stationers Ltd,</subfield>
    <subfield code="c">1975.</subfield>
  </datafield>
  <datafield tag="300" ind1=" " ind2=" ">
    <subfield code="a">75p.</subfield>
  </datafield>
  <datafield tag="650" ind1=" " ind2=" ">
    <subfield code="a">English-lioterature</subfield>
  </datafield>
  <datafield tag="942" ind1=" " ind2=" ">
    <subfield code="2">lcc</subfield>
    <subfield code="c">SH_L_BOOKS</subfield>
    <subfield code="h">AFR PR 9381.9 .O9O95 1975</subfield>
    <subfield code="0">3</subfield>
  </datafield>
  <datafield tag="999" ind1=" " ind2=" ">
    <subfield code="c">9425</subfield>
    <subfield code="d">9425</subfield>
  </datafield>
  <datafield tag="952" ind1=" " ind2=" ">
    <subfield code="0">0</subfield>
    <subfield code="1">0</subfield>
    <subfield code="2">lcc</subfield>
    <subfield code="4">0</subfield>
    <subfield code="7">0</subfield>
    <subfield code="a">MUC</subfield>
    <subfield code="b">MUC</subfield>
    <subfield code="c">AFR</subfield>
    <subfield code="d">2015-10-27</subfield>
    <subfield code="l">7</subfield>
    <subfield code="o">AFR PR 9381.9 .O9O95 1975</subfield>
    <subfield code="p">17100</subfield>
    <subfield code="r">2021-03-12</subfield>
    <subfield code="s">2021-03-12</subfield>
    <subfield code="w">2015-10-27</subfield>
    <subfield code="y">AFRICANA</subfield>
  </datafield>
</record>
